000 00336nam a22001217a 4500
082 _aSeptember 2020
100 _aPIDE.
_910429
245 _aPIDE Policy and Research /
_cA Guide to Policy and Research.
260 _aIslamabad :
_bPIDE,
_c2020.
300 _a76 p. : ill. ;
_c30 cm.
650 _aPIDE - Report 2020.
_931470
942 _cCR
999 _c536356
_d536356